| 000 | 00326nam a2200097Ia 4500 | ||
|---|---|---|---|
| 082 | _a780.7 ZARE | ||
| 245 | 0 | _aGlobal encounters : South African sounds : 2002-2003 teacher's guide | |
| 100 |
_a Godfrey, Ilan, , 1980- Auckland Park, South Africa, 2013 _970396 |
||
| 942 | _cBK | ||
| 008 | 210817s9999 xx 000 0 und d | ||
| 999 |
_c228195 _d228195 |
||